Paesi Mediterranei con una Mappa Vuota - Statistics

Statistiche generali
  • Questo quiz è stato fatto 10.671 volte
  • Il punteggio medio è 20 su 21
Risposte nella Mappa
Le risposte nella mappa del quiz sottostante sono codificate secondo una scala di colori dal rosso al verde in base alla % di persone che hanno risposto correttamente.
 
Statistiche sulle risposte
Paese % Corretto
Francia
100%
Italia
100%
Grecia
99%
Spagna
99%
Albania
98%
Croazia
98%
Marocco
98%
Algeria
97%
Egitto
97%
Tunisia
97%
Turchia
97%
Cipro
96%
Bosnia ed Erzegovina
95%
Libia
95%
Montenegro
93%
Israele
91%
Slovenia
90%
Libano
86%
Malta
83%
Siria
83%
Monaco
69%
Nessun quiz corrispondente trovato
Distribuzione punteggi
Percentuale di utenti per punteggio
Percentile per numero di risposta
I tuoi punteggi nel tempo
Non hai fatto questo quiz